000 00516nam a2200181Ia 4500
008 090123s9999 xx 000 0 und d
082 _b3796
_a891.463/पत्की
100 _aपत्की वि. वा.
245 _aआकाश
250 _a1
260 _bसोमय्या पब्लिकोशन
_c1974
300 _a428
600 _aपत्की वि. वा.
630 _aआकाश
700 _aपत्की वि. वा.
730 _aआकाश
942 _cBOOK
999 _c41872
_d41872